Mineral resources, Usk to Cedarvale, Terrace area, coast district, British Columbia, (Record no. 27421)

MARC details
000 -LEADER
fixed length control field 01168cam a22002651 4500
001 - CONTROL NUMBER
control field gs 38000074
003 - CONTROL NUMBER IDENTIFIER
control field DLC
005 - DATE AND TIME OF LATEST TRANSACTION
control field 20260227111342.0
008 - FIXED-LENGTH DATA ELEMENTS--GENERAL INFORMATION
fixed length control field 761111s1937 oncbef 000 0 eng c
010 ## - LIBRARY OF CONGRESS CONTROL NUMBER
LC control number gs 38000074
035 ## - SYSTEM CONTROL NUMBER
System control number (OCoLC)2553322
040 ## - CATALOGING SOURCE
Original cataloging agency U.S.Geol.survey. Library
Transcribing agency OGraD
Modifying agency NSbSU
-- DLC
042 ## - AUTHENTICATION CODE
Authentication code premarc
050 00 - LIBRARY OF CONGRESS CALL NUMBER
Classification number QE185
Item number .A2 no. 212
100 1# - MAIN ENTRY--PERSONAL NAME
Personal name Kindle, Edward Darwin,
Dates associated with a name 1906-
245 10 - TITLE STATEMENT
Title Mineral resources, Usk to Cedarvale, Terrace area, coast district, British Columbia,
Statement of responsibility, etc. by E. D. Kindle.
260 ## - PUBLICATION, DISTRIBUTION, ETC.
Place of publication, distribution, etc. Ottawa,
Name of publisher, distributor, etc. J.O. Patenaude, I.S.O., printer to the King,
Date of publication, distribution, etc. 1937.
300 ## - PHYSICAL DESCRIPTION
Extent 2 p. l., 63 p.
Other physical details incl. pl., plans. fold. map.
Dimensions 25 cm.
490 1# - SERIES STATEMENT
Series statement Canada. Geological Survey. Memoir 212
500 ## - GENERAL NOTE
General note At head of title: Canada. Department of mines and resources ... Mines and geology branch ... Bureau of geology and topography ... Geological survey.
500 ## - GENERAL NOTE
General note In lower right corner of t.-p.: no.2442.
650 #0 - SUBJECT ADDED ENTRY--TOPICAL TERM
Topical term or geographic name entry element Mines and mineral resources
Geographic subdivision British Columbia.
740 0# - ADDED ENTRY--UNCONTROLLED RELATED/ANALYTICAL TITLE
Uncontrolled related/analytical title Usk to Cedarvale, Terrace area, Coast district, British Columbia, Mineral resources.
830 #0 - SERIES ADDED ENTRY--UNIFORM TITLE
Uniform title Memoir (Geological Survey of Canada) ;
Volume/sequential designation 212

No items available.

Powered by Koha